[Event "Manavgat Turkey Cup"]
[Site "Manavgat"]
[Date "2016.01.31"]
[Round "3"]
[White "Isikli, Murat Sedat"]
[Black "Ibik, Hasan"]
[Result "1-0"]
[WhiteElo "1505"]
[BlackElo "1352"]
[PlyCount "87"]
[EventDate "2016.01.30"]
[EventType "swiss"]
[EventRounds "11"]
[EventCountry "TUR"]
[SourceTitle "CBM 170 Extra"]
[Source "ChessBase"]
[SourceDate "2016.02.25"]
[SourceVersion "1"]
[SourceVersionDate "2016.02.25"]
[SourceQuality "1"]

1. e4 e6 2. Nf3 Nf6 3. e5 Nd5 4. c4 Nb6 5. a4 d5 6. a5 Nxc4 7. Bxc4 dxc4 8. Qa4+ Nc6 9. Qxc4 a6 10. 0-0 Be7 11. Nc3 0-0 12. d4 Nb4 13. Be3 Nc2 14. Rac1 Nxe3 15. fxe3 c6 16. b4 Bd7 17. Rfd1 b6 18. axb6 Qxb6 19. Rb1 Rfc8 20. Na4 Qc7 21. Rdc1 Rcb8 22. Nd2 f5 23. exf6 Bxf6 24. Nc5 Qd6 25. Nde4 Qe7 26. Nxa6 Rb7 27. Nac5 Rc7 28. Nxd7 Qxd7 29. Nc5 Qd5 30. Nxe6 Qxc4 31. Rxc4 Rcc8 32. Rbc1 Kf7 33. Rxc6 Rxc6 34. Rxc6 Ra2 35. Nf4 g5 36. Nd5 Bd8 37. b5 Rb2 38. b6 h5 39. Rh6 h4 40. b7 Kg7 41. Rd6 Ba5 42. Rb6 Bxb6 43. b8Q Bxd4 44. Qc7+ 1-0

[Event "Manavgat Turkey Cup"]
[Site "Manavgat"]
[Date "2016.01.30"]
[Round "1"]
[White "Sarikaya, Ergun"]
[Black "Ibik, Hasan"]
[Result "1-0"]
[WhiteElo "1839"]
[BlackElo "1352"]
[PlyCount "81"]
[EventDate "2016.01.30"]
[EventType "swiss"]
[EventRounds "11"]
[EventCountry "TUR"]
[SourceTitle "CBM 170 Extra"]
[Source "ChessBase"]
[SourceDate "2016.02.25"]
[SourceVersion "1"]
[SourceVersionDate "2016.02.25"]
[SourceQuality "1"]

1. e4 c5 2. Nf3 a6 3. d4 cxd4 4. Nxd4 e6 5. Nc3 Bb4 6. Be3 Qc7 7. Qd2 Nf6 8. Bd3 d5 9. exd5 Nxd5 10. Nde2 Nxe3 11. Qxe3 0-0 12. 0-0 Nd7 13. Bxh7+ Kxh7 14. Qe4+ Kg8 15. Qxb4 b5 16. Rad1 Bb7 17. Rd3 Nf6 18. Rfd1 Rfd8 19. a3 Rxd3 20. Rxd3 Rd8 21. Qf4 Qb8 22. Qxb8 Rxb8 23. f3 Kf8 24. Kf2 Ke7 25. Ke3 Nd7 26. b3 Nc5 27. Rd2 Rd8 28. Rxd8 Kxd8 29. Kd4 Nd7 30. Ne4 Kc7 31. Ng5 e5+ 32. Ke3 f6 33. Ne6+ Kd6 34. Nxg7 Kd5 35. Nc3+ Kc5 36. h4 a5 37. h5 b4 38. h6 Nf8 39. Ne6+ Nxe6 40. h7 bxc3 41. h8Q 1-0